LEADER 02377nam a2200337 4500 001 000000359309 003 CaOOAMICUS 005 20240809120946.0 008 240809s1748 it a 000 u ita r 040 $aSeMil$bita 041 1 $aita$alat$agrc 100 11$aMiddleton, Conyers.$0(OLS)http://semarc/name/120167 245 10$aStoria della vita di M. Tullio Cicerone, scritta in lingua inglese dal sig. Conyers Middleton, custode primario della Bibliotheca dell'Universita di Cambridge: tradotta in lingua italiana. Tomo 1. [-5.]. 250 $aSeconda edizione riveduta ed aumentata 264 1$aVenezia :$bPresso Giambatista Pasquali,$c1748. 300 $a5 v. ;$c8° 500 $aPer il traduttore, Jacopo Fabrizi, vedi Melzi G., Dizionario di opere anonime e pseudonime di scrittori italiani, III, p. 406 500 $aIniziali e testatine xilogr. 500 $aLegati insieme i vol. 1-2 e 3-5 600 04$aCicerone, Marco Tullio <106-43 a.C.>.$0(OLS)http://semarc/subject/11048 700 1 $aFabrizi, Jacopo,$d.$0(OLS)http://semarc/name/120168 700 1 $aPasquali, Giovanni Battista,$c.$0(OLS)http://semarc/name/2945 752 $ait$dVenezia 774 0 $tTomo 1.$dVenezia : Presso Giambatista Pasquali, 1748.$w()359310 774 0 $tTomo 2.$dVenezia : Presso Giambatista Pasquali, 1748.$w()359311 774 0 $tTomo 3.$dVenezia : Presso Giambatista Pasquali, 1748.$w()359312 774 0 $tTomo 4.$dVenezia : Presso Giambatista Pasquali, 1748.$w()359313 774 0 $aCicero, Marcus Tullius <106-43 a.C.>$t5: Lettere di M.T. Cicerone a M. Bruto, e di Bruto a Cicerone col testo latino a rincontro, con annotazioni a ciascuna lettera: ed una Dissertazione preliminare, in cui si vendica l'autorita delle medesime lettere, e di proposito si considerano e si confutano tutte le obbiezioni del reverendo sig. Tunstall. Del signor Conyers Middleton ... Traduzione dalla lingua inglese. Tomo quinto.$dVenezia : Presso Giambatista Pasquali, 1748.$w()359314 996 $6245$aStoria della vita di M. Tullio Cicerone, scritta in lingua inglese dal sig. Conyers Middleton, custode primario della Bibliotheca dell'Universita di Cambridge: tradotta in lingua italiana. Tomo 1. [-5.]$9(OLS)http://semarc/title/449762 996 $6264$aVenezia :$bPresso Giambatista Pasquali$9(OLS)http://semarc/publisher/60582 LEADER 00626nam a2200169 i 4500 001 000000180316 003 CaOOAMICUS 005 20090706000000.0 008 090706s1907 it u000 u ita u 013 $a157961 040 $aSeMil$bita 245 10$aVolume 6. 300 $aXXVII, 524 p. 773 0 $aHergenröther, Joseph Adam Gustav $tStoria universale della Chiesa.$bQuarta edizione.$dFirenze : Libreria editrice fiorentina, 1904-1911.$w()21627 850 $aSeMil 852 $aSeMil$W1$xVenegono$y1$m3B IV 83$j131065$B131065$CSeMilBibl$Z2$F142966 $81 996 $6245$aVolume 6$9(OLS)http://semarc/title/147383